00960cam a2200253 a 450000100040000000500170000402000150002102000270003604000250006305000230008808200140011110000210012524500360014626000520018230000230023450500060025752002610026352100200052465000380054465000290058265000410061165000230065265500310067557620231211150312.0 a1562822845 a1562822853 (lib. bdg.) aDLCcDLCdDLCdOCoLC00aPZ7.D7287bMo 199200a[Fic]2201 aDorris, Michael.10aMorning Girl /cMichael Dorris. aNew York :bHyperion Books for Children,c1992. a74 pages ;c20 cm. aU aMorning Girl, who loves the day, and her younger brother Star Boy, who loves the night, take turns describing their life on an island in pre-Columbian America; in Morning Girl's last narrative, she witnesses the arrival of the first Europeans to her world. aDOR Fic PZ7.D72 0aArawak IndiansxJuvenile fiction. 1aArawak IndiansxFiction. 1aIndians of the West IndiesxFiction. 1aSiblingsxFiction. 7aHistorical fiction.2gsafd